English Lyrics in Tunnel Vision by Itzy - Statistics

General Stats
  • This quiz has been taken 19 times
  • The average score is 183 of 319
Answer Stats
Lyrics % Correct
go
100%
I
100%
(I
100%
a
93%
don't
93%
Don't
93%
got
93%
Got
93%
(Ne-
93%
ne-
93%
the
93%
tunnel
93%
vision
93%
vision)
93%
gonna
87%
my
87%
My
87%
what
87%
me
80%
on
80%
want
80%
down,
73%
Focus
73%
hell
73%
know
73%
need
73%
never
73%
Never
73%
Nothing's
73%
permission
73%
take
73%
vacation
73%
Yeah,
73%
yeah
73%
backing
67%
Eyes
67%
pause,
67%
up
67%
up,
67%
Work,
67%
work,
67%
work
67%
alert
60%
motivation
60%
off
60%
put
60%
that
60%
'til
60%
worth,
60%
worth
60%
better
53%
'cause
53%
hard
53%
level
53%
miss
53%
miss)
53%
Now
53%
patience
53%
score
53%
ambition
47%
attitude,
47%
for
47%
grindin'
47%
Keep
47%
quest,
47%
Small
47%
talk
47%
this
47%
in
40%
ovation
40%
standing
40%
worked
40%
ah
33%
face,
33%
I'll
33%
Incoming
33%
poker
33%
reign
33%
show
33%
so
33%
Yah,
33%
yah,
33%
yah
33%
2.0
27%
fast,
27%
fast
27%
game,
27%
pass,
27%
what's
27%
I'm
20%
it
20%
long
20%
focused,
13%
lane,
13%
version
13%
all
7%
Celebrate
7%
Expanded
7%
Hop
7%
pace
7%
Stack
7%
stack
7%
toast,
7%
buzz
0%
flex,
0%
Here
0%
lose
0%
making
0%
own
0%
plus
0%
risk,
0%
rose
0%
set
0%
sight,
0%
stunner
0%
No matching quizzes found
Score Distribution
Percent of People with Each Score
Percentile by Number Answered
Your Score History
You have not taken this quiz